El financiamiento público de los partidos políticos de Chile
Guardat en:
| Autor principal: | |
|---|---|
| Format: | Llibre |
| Idioma: | espanyol |
| Publicat: |
Santiago
Cono Sur
2000
|
| Matèries: | |
| Etiquetes: |
Afegir etiqueta
Sense etiquetes, Sigues el primer a etiquetar aquest registre!
|
MARC
| LEADER | 00000nam a2200000 a 4500 | ||
|---|---|---|---|
| 001 | UCG1074 | ||
| 003 | CL-VaPUC | ||
| 008 | 100422e20000000CL |||||||||||||||||spa|d | ||
| 020 | |a 956238263X | ||
| 082 | 0 | 4 | |a 324.204 |b FLO |2 21 |
| 100 | 0 | |a Flores Arratia, César Antonio |e author |9 548813 | |
| 245 | 1 | 3 | |a El financiamiento público de los partidos políticos de Chile |
| 300 | |a 135 p | ||
| 942 | |c BK | ||
| 945 | |d 20100422 00:00:00 |a rbrito | ||
| 260 | |a Santiago |b Cono Sur |c 2000 | ||
| 650 | 0 | |a Partidos políticos |9 254999 | |
| 650 | 0 | |a Constitución política |9 336925 | |
| 650 | 0 | |a Derecho constitucional |9 222588 | |
| 650 | 7 | |a FINANCIAMIENTO |2 CL-VaPUC |9 358995 | |
| 650 | 0 | |a Derecho comparado |9 255664 | |
| 650 | 7 | |a CONTROL FINANCIERO |2 CL-VaPUC |9 336644 | |
| 583 | |a last modification |c 20100422 00:00:00 |k Rodrigo Vera | ||
| 999 | |c 340528 |d 340526 | ||
| 952 | |0 0 |1 0 |4 0 |6 324_204000000000000_FLO_2000 |7 0 |8 A |9 435334 |a BIBDER |b BIBDER |d 2019-11-22 |i 4663578 |o 324.204 FLO 2000 |p 4663578 |r 2023-01-25 |w 2019-11-22 |y BK |k DER | ||